Mert kell egy nap... (augusztus 20-án Gömörben) falunap Almágyban

Podrobná bibliografia
Médium: Článok
Jazyk:maďarčina
Fyzický popis:Fotogr.
ISSN:1335-6410
Predmet:

MARC

LEADER 00000nab a2200000 a 4500
001 vtls010467722
003 SK-MaSNL
005 20260318140207.0
008 121109c2012 xo qrzp 0 0hun
015 |a SNBRB2012/11  |2 rvgkpd 
038 |a RVGKPD 
040 |a RVGKPD  |b slo  |c RVGKPD  |e AACR2 
041 0 |a hun 
044 |a xo  |c SK 
080 |a 394.4  |2 1997 
245 0 0 |a Mert kell egy nap... (augusztus 20-án Gömörben)  |b falunap Almágyban  |c [autor] (jdj) 
300 |b Fotogr. 
611 2 7 |a Deň obce Gemerský Jablonec  |d (2012 :  |c Gemerský Jablonec, Slovensko)  |2 rvgkpd  |9 1105462 
651 7 |a Gemerský Jablonec (Slovensko)  |2 rvgkpd  |9 109579 
773 0 |t Gömörország  |g Évf. XIII, sz. 3 (2012), o. 85  |x 1335-6410 
852 |a RVGKPD  |b KIS3G 
958 |a HU 
958 |a SK 
992 |a RBX 
999 |c 1817396  |d 1819326